00359 a2200109 4500001001000000005001700010008004100027245002800068100002700096773010900123999001700232ART_1078120260410161854.0260409a 10aLa sociedad unipersonal1 aVítolo, Daniel Roque0 tDerecho privadogReforma del Código Civil I. Aspectos generales - Año I, Nº 2 (sep. 2012)wREV10455 c25303d25303